Mcu phase two (2013-2015) character screen time - Statistics

General Stats
  • This quiz has been taken 89 times
  • The average score is 47 of 92
Answer Stats
First appearance screen time Answer % Correct
Captain America: The First Avenger 81:00 Steve Rogers
98%
Thor 17:30 Loki
97%
Iron Man 89:30 Tony Stark
97%
Guardians of the Galaxy 46:45 Peter Quill
95%
Thor 48:15 Thor
95%
The Incredible Hulk 20:45 Dr. Bruce Banner
93%
Guardians of the Galaxy 19:30 Rocket
93%
Ant-Man 50:30 Scott Lang
93%
Guardians of the Galaxy 14:45 Groot
92%
Guardians of the Galaxy 18:00 Drax
90%
Captain America: The First Avenger 13:30 James "Bucky" Barnes
90%
Iron Man 2 42:45 Natasha Romanoff
90%
Guardians of the Galaxy 31:00 Gamora
88%
Iron Man 18:00 Pepper Potts
88%
Ant-Man 15:45 Hope van Dyne
87%
Thor 9:00 Odin
87%
Iron Man 18:30 Director Nick Fury
83%
Ant-Man 24:45 Dr. Hank Pym
83%
Thor 25:00 Dr. Jane Foster
83%
Avengers: Age of Ultron 17:00 Ultron
83%
Iron Man 12:15 Col. James "Rhodey" Rhodes
78%
Iron Man 6:15 Happy Hogan
75%
Captain America: The Winter Soldier 10:15 Pietro Maximoff
75%
Captain America: The Winter Soldier 17:45 Sam Wilson
75%
The Avengers 1:15 Thanos
75%
Captain America: The Winter Soldier 12:15 Wanda Maximoff
75%
Thor 7:30 Dr. Erik Selvig
70%
Thor 15:00 Clint Barton
68%
Guardians of the Galaxy 4:30 Nebula
68%
Guardians of the Galaxy 7:45 Ronan
67%
The Avengers 6:15 Agent Maria Hill
65%
Ant-Man 14:30 Darren Cross
65%
Captain America: The First Avenger 3:00 Peggy Carter
65%
Thor 3:15 Sif
65%
Avengers: Age of Ultron 6:15 Vision
65%
Iron Man 3 12:00 Aldrich Killian
63%
Thor: The Dark World 8:45 Malekith
63%
Iron Man 3 7:30 Trevor Slattery
62%
Thor 4:00 Frigga
60%
Guardians of the Galaxy 6:00 Yondu Udonta
60%
Captain America: The Winter Soldier 12:45 Alexander Pierce
58%
Thor 4:45 Heimdall
58%
Thor 8:45 Darcy Lewis
57%
Captain America: The Winter Soldier 6:15 Brock Rumlow
53%
Captain America: The Winter Soldier 2:30 Agent Sharon Carter
52%
Ant-Man 4:30 Cassie Lang
50%
Thor 1:00 Hogun
50%
Ant-Man 7:00 Luis
50%
Thor: The Dark World 3:00 The Collector
50%
Thor 2:00 Fandral
48%
Thor 2:45 Volstagg
43%
Iron Man 2 1:00 Howard Stark
40%
Ant-Man 2:15 Maggie Lang
40%
Thor 4:00 Agent Jasper Sitwell
38%
Iron Man 3 8:45 Dr. Maya Hansen
38%
Iron Man 3 6:15 Harley Keener
38%
Ant-Man 2:45 Kurt
37%
Ant-Man :30 Janet van Dyne
35%
Ant-Man 2:45 Dave
33%
Captain America: The First Avenger 2:15 Dr. Arnim Zola
33%
Avengers: Age of Ultron 3:15 Dr. Helen Cho
33%
Guardians of the Galaxy 3:00 Rhomann Dey
33%
The Avengers :45 The Other
33%
Guardians of the Galaxy 1:45 Kraglin Obfonteri
32%
Ant-Man 4:30 Officer Jim Paxton
32%
Avengers: Age of Ultron 2:45 Ulysses Klaue
32%
Thor: The Dark World 2:30 Carina
30%
Iron Man 3 2:00 President Matthew Ellis
28%
Guardians of the Galaxy 2:15 Korath
27%
Thor: The Dark World 6:15 Algrim
23%
Iron Man 2 :30 Senator Stern
23%
Captain America: The Winter Soldier 1:45 Dr. List
22%
Thor: The Dark World 6:00 Ian Boothby
22%
Guardians of the Galaxy 1:30 Meredith Quill
22%
Captain America: The Winter Soldier 2:45 Baron Wolfgang von Strucker
20%
Iron Man 3 3:00 Ellen Brandt
20%
Avengers: Age of Ultron 3:45 Laura Barton
20%
Iron Man :15 Professor Ho Yinsen
20%
Iron Man 3 6:00 Eric Savin
18%
Guardians of the Galaxy :45 Denaarian Saal
15%
Iron Man 3 1:00 Vice-President Rodriguez
15%
Ant-Man 1:00 Gale
13%
Captain America: The Winter Soldier 2:00 Jack Rollins
13%
Guardians of the Galaxy 2:30 Nova Prime Irani Rael
13%
The Avengers :15 Councilwoman Hawley
12%
Captain America: The Winter Soldier 1:45 Georges Batroc
12%
Ant-Man 2:15 Mitchell Carson
12%
Captain America: The Winter Soldier 1:00 Councilman Rockwell
10%
Captain America: The Winter Soldier 1:00 Councilman Singh
10%
Captain America: The Winter Soldier 1:00 Councilman Yen
10%
Thor: The Dark World 2:45 Richard
10%
Captain America: The Winter Soldier 1:30 Cameron Klein
8%
No matching quizzes found
Score Distribution
Percent of People with Each Score
Percentile by Number Answered
Your Score History
You have not taken this quiz